Diseño de un complejo deportivo y recreacional en la Universidad Nacional Autónoma de Nicaragua UNAN-LEON
Presenta una propuesta arquitectónica de un complejo deportivo Universitario para la Universidad Nacional Autónoma de Nicaragua. Caracteriza las conclusiones urbanas arquitectónicas del sitio de emplazamiento del proyecto campus- medico. Aborda los requerimientos técnicos y funcionales de accesi...
| Main Author: | |
|---|---|
| Other Authors: | |
| Format: | Tesis Section = Libro |
| Language: | Undetermined Spanish |
| Published: |
Managua
UNI-RURC
2007
|
| Subjects: |
| LEADER | 01455nam a2200253Ia 4500 | ||
|---|---|---|---|
| 008 | 240830s9999 xx 000 0 und d | ||
| 040 | |a BIBLIOTECA-RUSB/ Mon 725.8043 V434 | ||
| 041 | |a spa | ||
| 082 | |a Mon 725.8043 V434 | ||
| 100 | 1 | |a Velásquez Pastora, Verónica Carolina | |
| 245 | 1 | 0 | |a Diseño de un complejo deportivo y recreacional en la Universidad Nacional Autónoma de Nicaragua UNAN-LEON |
| 260 | |a Managua |b UNI-RURC |c 2007 | ||
| 300 | |a 63 p. :il. | ||
| 500 | |a Contiene: anexos y gráficos. | ||
| 502 | |a Tesis (Arquitecto) - UNI-RURC, 2007. | ||
| 520 | 3 | |a Presenta una propuesta arquitectónica de un complejo deportivo Universitario para la Universidad Nacional Autónoma de Nicaragua. Caracteriza las conclusiones urbanas arquitectónicas del sitio de emplazamiento del proyecto campus- medico. Aborda los requerimientos técnicos y funcionales de accesibilidad y confort para resolver el diseño arquitectónico del complejo deportivo. Describe tipos y características de las instalaciones deportivas, normas y criterios de diseño, estudio de modelos análogos, propuesta de complejo deportivo. | |
| 650 | 7 | |a COMPLEJOS DEPORTIVOS - UNAN LEON | |
| 650 | 7 | |b DISEÑO ARQUITECTONICO - INSTALACIONES DEPORTIVAS | |
| 650 | 7 | |c MODELOS ANALOGOS - ESTUDIOS | |
| 650 | 7 | |d PROPUESTA- COMPLEJO DEPORTIVO UNAN LEON | |
| 700 | 1 | |a Tutor: |b Fuentes Telica, María de los Ángeles | |
| 942 | |c BK |2 ddc | ||
| 991 | |a TESIS | ||
| 999 | |c 21319 | ||